Plus grandes villes du monde par lettre - E/F - Statistiques

Statistiques générales
  • Ce quiz a été pris 271 fois
  • Le résultat moyen est 6 sur 15
Statistiques - réponses
Pays Population Ville % Correct
Italie 1.558 Mio Florence
83%
Allemagne 3.794 Mio Francfort-sur-le-Main
77%
Arménie 1.980 Mio Erevan
76%
Maroc 1.150 Mio Fès
66%
Sierra Leone 1.629 Mio Freetown
59%
Royaume-Uni 0.901 Mio Édimbourg
57%
Canada 1.517 Mio Edmonton
45%
Brésil 4.075 Mio Fortaleza
41%
États-Unis - Mexique 3.974 Mio El Paso
36%
Japon 4.294 Mio Fukuoka
36%
Pakistan 7.874 Mio Faisalabad
28%
Chine 3.061 Mio Fuzhou
13%
États-Unis 1.309 Mio Fresno
10%
Brésil 1.190 Mio Florianópolis
7%
Afrique du Sud 3.379 Mio Ekurhuleni
3%
Aucun quiz correspondant
Distribution des résultats
% des personnes avec chaque résultat
Percentile par nombre de réponses
Votre historique - résultats
Vous n’avez pas pris ce quiz